| 000 | 01211cad a22002295a 4500 | ||
|---|---|---|---|
| 001 | L149689 | ||
| 008 | 100409u2010 xxk g 000 0 eng d | ||
| 035 | _a(Sirsi) u149689 | ||
| 041 | 0 | _aeng | |
| 050 |
_a658.99 _c18 |
||
| 110 | 2 |
_aEmap Construct Ltd _93840 |
|
| 245 | 0 | 0 |
_aHow the influence of construction contractors in the specification of products and materials is growing and changing _h[electronic resource] |
| 260 |
_aLondon _bEmap _c2010 |
||
| 520 | _aA Construction News/Emap report investigating the extent to which contractors influence product decisions; top 100 contractors in the UK by turnover were questioned. | ||
| 590 | _aKA NTK | ||
| 651 | 4 |
_aUnited Kingdom _y |
|
| 690 | _aBUILT ENVIRONMENT | ||
| 710 | 2 |
_aLychgate Projects _94069 |
|
| 856 | 4 | 0 |
_uhttps://www.cnplus.co.uk/home/how-is-the-role-of-contractors-and-subcontractors-in-specifying-products-and-materials-changing/5214186.article _zView this item (must have a Construction News subscription) at the cnplus.co.uk website. |
| 856 | 4 | 0 |
_zRead the document in the Library _uhttps://www.cnplus.co.uk/home/how-is-the-role-of-contractors-and-subcontractors-in-specifying-products-and-materials-changing/5214186.article |
| 942 | _n0 | ||
| 999 |
_c120842 _d120842 |
||